Politologické poznámky k inštitútu referenda v podmienkach Slovenskej republiky
Vymedzenie inštitútu referenda. Inštitút referenda v podmienkach Slovenskej republiky. Výsledky referend o vstupe do Európskej únie konaných v kandidátskych krajinách.
Gespeichert in:
| 1. Verfasser: | |
|---|---|
| Weitere Verfasser: | |
| Format: | Buchkapitel |
| Sprache: | Slowakisch |
| Schlagworte: | |
| Tags: |
Keine Tags, Fügen Sie das erste Tag hinzu!
|
MARC
| LEADER | 00000nla a2200000 4500 | ||
|---|---|---|---|
| 001 | 0242172 | ||
| 005 | 20240417075135.8 | ||
| 041 | 0 | |a slo | |
| 044 | |a SK | ||
| 245 | 1 | 0 | |a Politologické poznámky k inštitútu referenda v podmienkach Slovenskej republiky |c Peter Horváth, Ján Machyniak |
| 520 | |a Vymedzenie inštitútu referenda. Inštitút referenda v podmienkach Slovenskej republiky. Výsledky referend o vstupe do Európskej únie konaných v kandidátskych krajinách. | ||
| 610 | 2 | 0 | |a referendum |
| 610 | 2 | 0 | |a Slovensko |
| 610 | 2 | 0 | |a politika |
| 610 | 2 | 0 | |a ústava |
| 610 | 2 | 0 | |a história |
| 610 | 2 | 0 | |a právo ústavné |
| 610 | 2 | 0 | |a Európska únia |
| 100 | 1 | |a Horváth, Peter | |
| 700 | 1 | |a Machyniak, Ján | |